| 000 | 00986nam a2200253 a 4500 | ||
|---|---|---|---|
| 001 | 74101 | ||
| 003 | BD-RjUL | ||
| 005 | 20211209082508.0 | ||
| 008 | 180226r20142008bg ||||| b||| 000 0 ben d | ||
| 020 |
_a9789842004148 _cTk. 350.00 |
||
| 035 | _a(BD-RjUL)74319 | ||
| 040 |
_aBD-RjUL _beng _cBD-RjUL |
||
| 041 | _aben | ||
| 082 |
_223 _a297.12509 _bSAH 2014 |
||
| 100 | 1 |
_aসাইয়্যেদ, আহসান _9220278 |
|
| 245 | 1 | 0 |
_aহাদিস সংকলনের ইতিবৃত্ত / _cআহসান সাইয়্যেদ, |
| 250 | _a2য় সংস্করণ | ||
| 260 |
_aঢাকা : _bঅ্যাডন পাব. , _c২০০৮ (মুদ্রন ২০১৪) |
||
| 300 |
_a২০৮ পৃ. ; _c২২ সেমি। |
||
| 504 | _aগ্রন্থপঞ্জি সম্বলিত | ||
| 650 |
_aহাদিস সংকলন _vইতিহাস _9220279 |
||
| 650 |
_aHadith compilation _vhistory _9220280 |
||
| 942 |
_2ddc _cBK |
||
| 999 |
_c74101 _d74101 |
||